000 00525nam a2200169 i 4500
001 91337
003 ES-MaACL
005 20251004063131.0
007 t|
008 050128s1917 ag ||||1| spa d
100 1 _aLevene, Ricardo,
_d1885-1959
_971926
245 1 0 _aIniciación de la vida pública de Mariano Moreno /
_cRicardo Levene.
260 _aBuenos Aires :
_b[s.n.],
_c1917 (
_fConi Hermanos)
600 1 7 _aMoreno, Mariano,
_d1778-1811
_2
_9148096
852 _aES-MaACL
_j1606-F-16
999 _c91337
_d91337